000 00613nam a2200193Ia 4500
008 140925s9999 xx 000 0 und d
020 _a1520-6459
100 _aDiPaolo, Carol.
245 _aEmployment relations today /
_cCarol DiPaolo.
_h[electronic resource]
260 _bJohn Wiley & Sons, Inc.,
_cc2014.
516 _aElectronic text
650 _aEmployment.
650 _aHuman Resource Management.
650 _aJournal.
830 _aJohn Wiley & Sons, Inc.
856 _uhttp://onlinelibrary.wiley.com/journal/10.1002/%28ISSN%291520-6459
942 _cEJ
999 _c275799
_d275799